White 2115 - CALIFORNIA LOVE EP - Statystyki

Ogólne statystyki
  • Ten quiz został rozwiązany 18 razy
  • Średni wynik to 7 z 8
Statystyki odpowiedzi
CALIFORNIA LOVE EP % Poprawnych
CALIFORNIA LOVE
100%
WIECZÓR KAWALERSKI
94%
BAUNS
88%
LOT
88%
NIE WSZYSTKO ZABOLI RAZ
88%
DZIEWCZYNY Z WESTSIDE
81%
TO COŚ
81%
NIEZNANE LĄDY
69%
Nie znaleziono quizów pasujących do podanych kryteriów
Rozkład punktacji
Procent ludzi z każdym wynikiem
Percentyl według liczby udzielonych odpowiedzi
Twoja historia wyników
Nie rozwiązałeś tego quizu